Biểu diễn hoán vị và đặc trưng của nhóm hữu hạn

Nghiên cứu các kiến thức cơ sở. Nghiên cứu về biểu diễn hoán vị của nhóm hữu hạn. Nghiên cứu về đặc trưng của nhóm hữu hạn.

שמור ב:
מידע ביבליוגרפי
מחבר ראשי: Nguyễn Thị Lài
מחברים אחרים: Trần Đạo Dõng PGS.TS (Hướng dẫn)
פורמט: ספר
שפה:Vietnamese
יצא לאור: Đà Nẵng Đại học Đà Nẵng 2013
נושאים:
תגים: הוספת תג
אין תגיות, היה/י הראשונ/ה לתייג את הרשומה!
Thư viện lưu trữ: Mạng thư viện Đại học Đà Nẵng
LEADER 01653nam a2200361 4500
001 000019205
003 15640
005 20140331150350.0
008 140331s2013 viesd
041 |a vie 
082 1 4 |a 512.2  |b NG-L 
100 |a Nguyễn Thị Lài 
245 |a Biểu diễn hoán vị và đặc trưng của nhóm hữu hạn  |c Nguyễn Thị Lài ; Trần Đạo Dõng hướng dẫn.  |k Luận văn Thạc sĩ 
260 |a Đà Nẵng  |b Đại học Đà Nẵng  |c 2013 
300 |a 70 tr., phụ lục 3 tr.  |c 29 cm.  |e Tóm tắt 
500 |a Luận văn thạc sĩ Khoa học. Chuyên ngành : phương pháp Toán sơ cấp. Mã số: 60.46.40. 
520 |a Nghiên cứu các kiến thức cơ sở. Nghiên cứu về biểu diễn hoán vị của nhóm hữu hạn. Nghiên cứu về đặc trưng của nhóm hữu hạn. 
650 0 4 |a Hoán vị (Toán)  |v Luận văn tốt nghiệp  |x Nghiên cứu 
650 0 4 |a Nhóm hữu hạn (Toán)  |v Luận văn tốt nghiệp  |x Nghiên cứu 
653 |a Hoán vị 
653 |a Phương pháp toán sơ cấp 
653 |a Nhóm hữu hạn 
700 |a Trần Đạo Dõng  |c PGS.TS  |e Hướng dẫn 
OWN |a LSP 
AVA |a UDN50  |b LSP  |d 512.2 NG-L  |e available  |t Error 5001 Not defined in file expand_doc_bib_avail.  |f 1  |g 0  |h N  |i 0  |k 1 
999 |a From the UDN01 
AVA |a UDN50  |b LSP  |d 512.2 NG-L  |e available  |t Error 5001 Not defined in file expand_doc_bib_avail.  |f 1  |g 0  |h N  |i 0  |k 1 
TYP |a Monograph 
TYP |a Printed language 
980 |a Mạng thư viện Đại học Đà Nẵng